| 000 | 00715nam a22002297a 4500 | ||
|---|---|---|---|
| 999 |
_c14189 _d14189 |
||
| 003 | AR-CdUCM | ||
| 008 | 190422b ||||| |||| 00| 0 spa d | ||
| 040 |
_aMUNICIPALIDAD PROVINCIAL DEL CUSCO _cBIBLIOTECA MUNICIPAL DEL CUSCO |
||
| 082 |
_a869.56 / _bIN49 |
||
| 110 |
_aAsociación de publicaciones educativas _932858 |
||
| 245 |
_aBiblioteca campesina : _bEl indio pishgo y otros cuentos / |
||
| 260 |
_aLima : _c1983. |
||
| 300 |
_a29 paginas ; _bilustraciones, _c21 cm. |
||
| 440 |
_aTarea _n1 _932862 |
||
| 500 | _aCuento | ||
| 650 |
_aCuentos _9217 |
||
| 650 |
_aHistoria _9136 |
||
| 650 |
_aLiteratura _983 |
||
| 700 |
_aMires Ortíz, Alfredo _932859 |
||
| 942 |
_2ddc _cLIBROS |
||
| 945 |
_apjha _d2019-04-22 |
||